LEADER 01096nam a22002891i 4500 001 991004035339707536 005 20040713162505.0 008 040802s1942 fr |||||||||||||||||fre 035 $ab13162834-39ule_inst 035 $aARCHE-111544$9ExL 040 $aBiblioteca Interfacoltà$bita$cA.t.i. Arché s.c.r.l. Pandora Sicilia s.r.l. 082 04$a891.2 100 1 $aAurobindo, Ghosh$c$0455880 245 13$aLa Bhagavad Gita /$cShri Aurobindo ; traduction française de Camille Rao et Jean Herbert ; préface de Jean Herbert 250 $a4. éd. 260 $aParis :$bA. Michel,$cc1942 300 $a472 p. ;$c21 cm 440 0$aOeuvres complètes 440 0$aSpiritualités vivantes.$pSérie Hindouisme 700 1 $aHerbert, Jean 700 1 $aRao, Camille 907 $a.b13162834$b02-04-14$c05-08-04 912 $a991004035339707536 945 $aLE002 Fondo Giudici N 182$g1$i2002000342836$lle002$nC. 1$o-$pE0.00$q-$rn$so $t0$u0$v0$w0$x0$y.i13801983$z05-08-04 996 $aBhagavad Gita$9311695 997 $aUNISALENTO 998 $ale002$b05-08-04$cm$da $e-$ffre$gfr $h3$i1 LEADER 01586nam0 22002891i 450 001 UON00397245 005 20231205104640.484 100 $a20110916d1816 |0itac50 ba 101 $afre 102 $aFR 140 $a|||||||||z ||||||||| 200 1 $aDictionnaire des peintres Espagnols / par F. Quilliet - A Paris : chez l'auteur rue du Gros-Chenet, n. 4, 1816 ([Paris]: Imprimerie de Fain, place de l'Odeon) - XXXVII, [1], 407, [1] p. ; 8° 317 $aPossessore: Di Tocco, Leonardo$5IT-UONSI ANTA XIX/0003 317 $aProvenienza: Leonetti, Leonida$5IT-UONSI ANTA XIX/0003 606 $aArte$xSpagna$3UONC061421$2FI 620 $aFR$dParis$3UONL002984 700 1$aQuilliet$bFrederic$3UONV204105$0706278 702 1$aDi Tocco$bLeonardo$3UONV296215$4390$5IT-UONSI ANTA XIX/0003 702 1$aLeonetti$bLeonida$3UONV296216$4320$5IT-UONSI ANTA XIX/0003 712 $aFain$3UONV278530$4650 801 $aIT$bSOL$c20250926$gRICA 856 4 $uhttp://next.unior.it/sebina/repository/catalogazione/documenti/Dictionnaire des peintres Espagnols (397245).pdf$zDictionnaire des peintres Espagnols (397245)_SiBA_Dig. Unior 899 $aSIBA - SISTEMA BIBLIOTECARIO DI ATENEO$2UONSI$uhttp://next.unior.it/sebina/repository/catalogazione/documenti/Dictionnaire des peintres Espagnols (397245).pdf 912 $aUON00397245 950 $aSIBA - SISTEMA BIBLIOTECARIO DI ATENEO$dSI A XIX 0003 $eSI MR 57065 7 0003 $sDeteriorato 996 $aDictionnaire des peintres Espagnols$91347500 997 $aUNIOR